000 01270nam a22001937a 4500
008 240514t2024 xxk||||| ||||o00| 0 eng d
110 _96315
_aDepartment for Levelling Up, Housing and Communities
245 _aNew levelling up powers to fill empty shops across England
260 _bDepartment for Levelling Up, Housing and Communities,
_c14 May 2024
520 _aNew powers will come into effect this summer to help communities take back control of their high streets and revive empty shops to accelerate regeneration. Where a high street shop has been empty for over a year, High Street Rental Auctions will allow local leaders to step in and auction off a rental lease for up to five years. Auctions will take place with no reserve price, giving local businesses and community groups the opportunity to occupy space on the high street at a competitive market rate.
650 _aHIGH STREETS
650 _aPLANNING
650 _aRETAIL PROPERTY
651 _aEngland
690 _aCommercial property
_96227
690 _aPlanning and development
_96259
710 _96315
_aDepartment for Levelling Up, Housing and Communities
856 _uhttps://www.gov.uk/government/news/new-levelling-up-powers-to-fill-empty-shops-across-england
_zAvailable on .gov.uk
999 _c121929
_d121929